Quotes to Movies - Statistics

General Stats
  • This quiz has been taken 78 times
  • The average score is 7 of 16
Answer Stats
Hint Answer % Correct
I'm the king of the world! Titanic
89%
Life was like a box of chocolates Forrest Gump
85%
Nazis. I hate these guys Indiana Jones and the Last Crusade
76%
Luca Brasi sleeps with the fishes The Godfather
71%
A boys best friend is his mother Psycho
62%
Remember, remember the 5th of November V For Vendetta
47%
Strange things are afoot at the Circle K Bill & Ted's Excellent Adventure
45%
I'm not gonna hurt ya, I'm just gonna bash your brains in The Shining
44%
Shoot the glass Die Hard
40%
Do not! Go in there! Ace Ventura: Pet Detective
36%
He'll flip you, flip ya for real The Usual Suspects
24%
I'd rather not spend the rest of this winter TIED TO THIS FUCKING COUCH! The Thing
22%
It was a matter of life and death: now that he's dead, I have a life Clue
20%
Uh, Whistler I hate to tell you this but, you're blind Sneakers
18%
The only thing I'll ever lay is a rug Rock 'n' Roll High School
16%
That ain't tactics, honey. It's just the beast in me Jailhouse Rock
9%
No matching quizzes found
Score Distribution
Percent of People with Each Score
Percentile by Number Answered
Your Score History
You have not taken this quiz